| 000 | 00786nam a22002297a 4500 | ||
|---|---|---|---|
| 005 | 20120109151756.0 | ||
| 008 | 120109t xxu||||| |||| 00| 0 eng d | ||
| 010 | _aENG-104656 | ||
| 020 |
_a9788174468390 _c795.00 |
||
| 035 | _aEN-88189 | ||
| 037 | _bDBAD/PUB | ||
| 040 |
_aDPL _bEng |
||
| 100 | _938706 | ||
| 245 |
_aExploration of business and management issues / _cedited by Subhash C. Kundu...[et al] |
||
| 260 |
_aNew Delhi _bExcel Books _c2010 |
||
| 270 |
_aA-45, Naraina, Phase1 _bNew Delhi _e110028 |
||
| 300 |
_axi,566p. _c24cm(pbk) |
||
| 500 | _aIncludes bibliographical references | ||
| 700 |
_aKundu, Subhash C. _938637 |
||
| 942 |
_2ddc _cEN _mEXP |
||
| 999 |
_c60548 _d60548 |
||